LEADER 01129nam 2200397 450 001 9910466770703321 005 20200520144314.0 010 $a1-5040-4959-4 035 $a(CKB)3790000000535252 035 $a(MiAaPQ)EBC5124638 035 $a(Au-PeEL)EBL5124638 035 $a(CaPaEBR)ebr11473875 035 $a(OCoLC)1013584721 035 $a(EXLCZ)993790000000535252 100 $a20171227h20172017 uy 0 101 0 $aeng 135 $aurcnu|||||||| 181 $2rdacontent 182 $2rdamedia 183 $2rdacarrier 200 10$aDee Brown on the civil war $egrierson's raid, the bold cavaliers, and the galvanized yankees /$fDee Brown 210 1$aNew York, New York :$cOpen Road Integrated Media Inc.,$d2017. 210 4$dİ2017 215 $a1 online resource (879 pages) 606 $aCivil war 608 $aElectronic books. 615 0$aCivil war. 676 $a341.68 700 $aBrown$b Dee$0144014 801 0$bMiAaPQ 801 1$bMiAaPQ 801 2$bMiAaPQ 906 $aBOOK 912 $a9910466770703321 996 $aDee Brown on the civil war$92253347 997 $aUNINA LEADER 01934oam 2200565 450 001 9910706246203321 005 20171019094015.0 035 $a(CKB)5470000002455976 035 $a(OCoLC)965753605$z(OCoLC)891600184 035 $a(OCoLC)995470000002455976 035 $a(EXLCZ)995470000002455976 100 $a20161210d1957 uy 0 101 0 $aeng 135 $aurmn||||||||| 181 $ctxt$2rdacontent 182 $cc$2rdamedia 183 $acr$2rdacarrier 200 10$aStudies of longitudinal stream profiles in Virginia and Maryland /$fby John T. Hack 210 1$aWashington :$cUnited States Department of the Interior, Geological Survey,$d1957. 215 $a1 online resource (59 unnumbered pages) $cillustrations, maps +$e1 plate 225 1 $aGeological Survey professional paper 294-B 225 1 $aShorter contributions to general geology 320 $aIncludes bibliographical references (page 94) and index. 330 $a"Preliminary results of a study of the form of small river valleys in relation to geology. Some factors controlling the longitudinal profiles of streams are described in quantitative terms." 606 $aValleys$zVirginia 606 $aValleys$zMaryland 606 $aRivers$zVirginia 606 $aRivers$zMaryland 606 $aRivers$2fast 606 $aValleys$2fast 607 $aMaryland$2fast 607 $aVirginia$2fast 615 0$aValleys 615 0$aValleys 615 0$aRivers 615 0$aRivers 615 7$aRivers. 615 7$aValleys. 700 $aHack$b John T$g(John Tilton),$f1913-1991,$01400331 712 02$aGeological Survey (U.S.), 801 0$bOCLCE 801 1$bOCLCE 801 2$bOCLCQ 801 2$bCOP 801 2$bOCLCF 801 2$bGPO 906 $aBOOK 912 $a9910706246203321 996 $aStudies of longitudinal stream profiles in Virginia and Maryland$93502521 997 $aUNINA LEADER 01359aam 2200397I 450 001 9910710281403321 005 20160121100808.0 024 8 $aGOVPUB-C13-a27d20b5eb232dac46cbf7780ad21621 035 $a(CKB)5470000002476470 035 $a(OCoLC)935499364 035 $a(EXLCZ)995470000002476470 100 $a20160121d1980 ua 0 101 0 $aeng 181 $2rdacontent 182 $2rdamedia 183 $2rdacarrier 200 10$aCollaborative reference program for paper $ereport no. 63S /$fR. G. Powell; J. Horlick 210 1$aGaithersburg, MD :$cU.S. Dept. of Commerce, National Institute of Standards and Technology,$d1980. 215 $a1 online resource 225 1 $aNBSIR ;$v80-1834 300 $a1980. 300 $aContributed record: Metadata reviewed, not verified. Some fields updated by batch processes. 300 $aTitle from PDF title page. 320 $aIncludes bibliographical references. 517 $aCollaborative reference program for paper 700 $aPowell$b R. G$01386938 701 $aHorlick$b J$01386491 701 $aPowell$b R. G$01386938 712 02$aUnited States.$bNational Bureau of Standards. 801 0$bNBS 801 1$bNBS 801 2$bGPO 906 $aBOOK 912 $a9910710281403321 996 $aCollaborative reference program for paper$93441856 997 $aUNINA